000 00961nam a2200253 a 4500
001 BRCA_1728
005 20190320203527.0
008 930917s2003----mx-a---##b---#001-0#spa-#
020 _a9681639693 (Obra completa)
040 _aDLC
_cDLC
050 4 _aF1232
_b.G66 2003
100 1 _aGonzález Pedrero, Enrique
_95403
245 1 0 _aPaís de un solo hombre
_bel México de Santa Anna
_cEnrique González Pedrero.
260 _aMéxico
_bFCE
_c2003
300 _a2 v.
_bil. (algunas a color)
_c24 cm.
440 0 _aSección de obras de historia
_95404
500 _aIncluye índice analítico, onomástico e índice de láminas
500 _aLa biblioteca solo cuenta con el vo. 2
504 _aBibliografía: p. 741-801
505 0 _aContenido : v.1. La ronda de los contrarios. -- v.2. La sociedad del fuego cruzado 1829-1836
600 1 4 _aSanta Anna, Antonio López de
_d1794?-1876
_9617
651 4 _aMéxico
_xHistoria
_ySiglo XIX
_95405
942 _2lcc
_cB
999 _c1516
_d1516